| 000 | 00707nam a2200217 i 4500 | ||
|---|---|---|---|
| 001 | 147628 | ||
| 003 | ES-MaACL | ||
| 005 | 20250817021825.0 | ||
| 007 | t| | ||
| 008 | 071004s1957 sp ||||1| spa d | ||
| 080 | _a618-009.7(02) | ||
| 100 | 1 |
_aUsandizaga, Manuel. _9112292 |
|
| 245 | 1 | 3 |
_aEl dolor en ginecología / _cpor Manuel Usandizaga..., Emilio Gil Vernet... y Emilio Molinero. |
| 260 |
_aBarcelona : _bVergara, _c[1957] |
||
| 300 |
_aXII, 198 p. : _bil. ; _c25 cm. |
||
| 650 | 1 | 4 |
_aAparato genital femenino- _xEnfermedades. _99910 |
| 700 | 1 |
_aGil Vernet, Emilio, _d1905-1981 _956886 |
|
| 700 | 1 |
_aMolinero, Emilio. _981997 |
|
| 852 |
_aES-MaACL _jC-13001 _bR.40752 |
||
| 999 |
_c147628 _d147628 |
||